| 000 | 00526nam a2200205Ia 4500 | ||
|---|---|---|---|
| 005 | 20260429111936.0 | ||
| 008 | 260429s9999||||xx |||||||||||||| ||und|| | ||
| 020 | _a9788131613900 | ||
| 041 | _aEnglish | ||
| 082 |
_a340.115 _bCAR |
||
| 100 | _aCarlen, Pat | ||
| 245 | 0 |
_aSociology of law / _cPat Carlen |
|
| 250 | _a1st ed. | ||
| 260 |
_aJaipur : _bRawat Publications , _c2024. |
||
| 300 | _avii, 250 p.; hb | ||
| 650 | _a Law and society | ||
| 650 | _a Legal sociology | ||
| 650 | _aSociology of law | ||
| 942 | _cTB | ||
| 999 |
_c51538 _d51538 |
||